Регионална библиотека "Любен Каравелов" - Русе

Прометей (Запис номер 368145)

MARC детайли
000 -Лидер
Контролно поле с фиксирана дължина nam a22 a 4500
003 - Код на организацията, давaща контролен номер
Контролно поле BLK
005 - Дата и час на последна редакция
Контролно поле 20200613164309.0
008 - Елементи от данни с фиксирана дължина
fixed length control field 200311b bul|||||r ||||||| ||bul||
040 ## - Източник на каталожния запис
Идентификатор на билиотеката - собственик на записа BLK
041 ## - Код за език
Код за езика на текст/звукозапис или на отделно заглавие Български
Код за езика КДБФ Български
080 ## - УДК
Текстов определител УДК Политически и национални младежки движения
УДК код - определител по УДК 329.78
УДК - код + определител 329.78
139 ## - Редно поле
Редна дума Прометей
245 10 - Сведения за заглавието
Заглавие Прометей
Подзаглавни данни [Сборник] : [За участниците в полит. уч. г. на ДКМС]
Редно поле (дума) Съавт. Илия Тасев; Състав. Мария Николова; Илия Н. Тасев; Мария П. Николова; Йордан Бойчев; Д. Стефанова; Иван Домусчиев; Владимир Даскалов; Сотир Илиев; Митьо Велушев; П. Петров; Дашко Дашков; Валентин Вацев.
257 ## - Страна на издаване
Страна на създаване/издаване България
260 ## - Област на издателските данни
Място на издаване, разпространение и проч. София
Име на издателя, разпространителя и проч. Нар. младеж
Година на издаване 1981
Печатница Враца : В. Александров
9 (RLIN) 210040
300 ## - Физическа характеристика
Страници 264 с.
Размери/Мащаб 20 см
380 ## - Жанр
Жанр Обществени науки
490 ## - СЕРИИ (Колекции)
Име на серия В помощ на политическата учебна година на Димитровския комсомол
9 (RLIN) 206517
500 ## - Общи забележки
Забележка Други авт.: Й. Бойчев, М. Николова, Д. Стефанова, Ив. Домусчиев, В. Даскалов, С. Илиев, М. Велушев, П. Петров, Д. Дашков, В. Вацев, отбелязани на гърба на загл. с. Изд. на Клуб Съвременник. - 10 000 тир. - Библиогр. под линия. 1,20 лв.
653 #7 - Ключова дума – ненормативна
Ключова дума ДКМС
9 (RLIN) 185290
700 ## - Други автори (авторска отговорност)
Лично име Тасев, Илия Николов
Автороска отговорност (Описва отношението между автора и произведението) състав. и ред.
9 (RLIN) 316586
700 1# - Други автори (авторска отговорност)
Лично име Николова, Мария
Автороска отговорност (Описва отношението между автора и произведението) Състав.
9 (RLIN) 414918
700 1# - Други автори (авторска отговорност)
Лично име Тасев, Илия Н.
9 (RLIN) 414919
700 1# - Други автори (авторска отговорност)
Лично име Николова, Мария П.
9 (RLIN) 414920
700 1# - Други автори (авторска отговорност)
Лично име Бойчев, Йордан
9 (RLIN) 414921
700 1# - Други автори (авторска отговорност)
Лично име Стефанова, Д.
9 (RLIN) 414922
700 1# - Други автори (авторска отговорност)
Лично име Домусчиев, Иван
9 (RLIN) 414923
700 1# - Други автори (авторска отговорност)
Лично име Даскалов, Владимир
9 (RLIN) 414924
700 1# - Други автори (авторска отговорност)
Лично име Илиев, Сотир
9 (RLIN) 414925
700 1# - Други автори (авторска отговорност)
Лично име Велушев, Митьо
9 (RLIN) 414926
700 1# - Други автори (авторска отговорност)
Лично име Петров, П.
9 (RLIN) 414927
700 1# - Други автори (авторска отговорност)
Лично име Дашков, Дашко
9 (RLIN) 414928
700 1# - Други автори (авторска отговорност)
Лично име Вацев, Валентин
9 (RLIN) 414929
852 ## - Местоположение
Форматна сигнатура Цб 112158
Фондова буква Хранилище
856 4# - Електронен адрес и достъп
Електронен формат pdf - файл
Път до файла /url/
856 4# - Електронен адрес и достъп
Електронен формат pdf - файл
Път до файла /url/
999 ## - СИСТЕМНИ КОНТРОЛНИ НОМЕРА
Koha biblionumber 368145
Koha biblioitemnumber 368145
942 ## - АРТИКУЛИ
Вид на библиотечния материал Книги
Скрит в OPAC Не
Източник на класификационната схема Universal Decimal Classification
Периодичен библиозапис Да
944 ## - СЪЗДАВАНЕ И РЕДАКЦИЯ на ЗАПИСА
Създаване/Редакция Създаване
Дата на регистрацията/редакция 2020-06-13
Служител, извършил регистрацията/редакцията гц
Наличности
Код за отписване Код за изгубен артикул Източник на класификационната схема Код за повреда Коз за рестрикции Код за отдаване Артикулен № Име на библиотеката - собственик Име на библиотеката, в която се намира в момента Статус (Текущо местоположение) Дата на вписване в системата Местоположение - отдел Цена в лева Инвентарен номер Систематично азбучна сигнатура Баркод Цена в евро Служебен тип на артикула
  Не е изгубен Universal Decimal Classification Не е повреден само за читалня ползва се в читалня 779416 Регионална библиотека "Любен Каравелов" Русе Регионална библиотека "Любен Каравелов" Русе Хранилище 2020-06-27 Хранилище 1.20 341819 Цб 112158 900000020857 0.61 Книги
Vip Innovations Ltd, Rousse, Bulgaria 2025